header

Income distribution (Record no. 162469)

MARC details
000 -LEADER
fixed length control field 01265nam a2200313 a 4500
082 04 - DEWEY DECIMAL CLASSIFICATION NUMBER
Classification number 339.2/2
245 00 - TITLE STATEMENT
Title Income distribution
260 ## - PUBLICATION, DISTRIBUTION, ETC. (IMPRINT)
Place of publication New York :
Name of publisher Nova Science Publishers,
Year of publication c2009.
300 ## - PHYSICAL DESCRIPTION
Number of Pages x, 212 p. :
Other physical details ill. (some col.), maps.
650 #0 - SUBJECT ADDED ENTRY--TOPICAL TERM
Topical Term Income distribution.
700 1# - ADDED ENTRY--PERSONAL NAME
Personal name Wadell, Irving H.
856 40 - ELECTRONIC LOCATION AND ACCESS
Uniform Resource Identifier http://site.ebrary.com/lib/rucke/Doc?id=10671335

No items available.

© 2026 Rongo University
Contact us: librarian | system librarian | Rongo university